| 000 | 00780nam a2200241 a 4500 | ||
|---|---|---|---|
| 001 | 000020218 | ||
| 003 | OSt | ||
| 005 | 20201005112024.0 | ||
| 008 | 100728s1979 dr a 000 0 spa d | ||
| 020 | _a8449931800 | ||
| 040 |
_aDO-SdBNP _bspa _cBNPHU |
||
| 041 | 1 | 7 |
_aspa _hfre |
| 082 |
_axxx _bP438b |
||
| 100 | 1 |
_aPérez Montás, Eugenio _913156 |
|
| 245 | 1 | 0 |
_aBiografía de un monumento = Biography of a monument / _cEugenio Pérez Montás ; prólogo Frank Moya Pons. |
| 246 | 1 | 1 | _aBiography of a monument |
| 260 |
_aSanto Domingo : _bGeneral Grafic, _c1979. |
||
| 300 |
_a127 p. : _bil. ; _c28 cm. |
||
| 500 | _aIncluye datos biográficos del autor en la solapa del chaleco | ||
| 590 | _aInventariado, 2020 / DG | ||
| 910 | _aInventariado, 2020 / DG | ||
| 942 |
_2ddc _cLF1 |
||
| 999 |
_c19723 _d19723 |
||